| 000 | 00389nam a22001457a 4500 | ||
|---|---|---|---|
| 008 | 250709b |||||||| |||| 00| 0 eng d | ||
| 020 | _a9781603580793 | ||
| 050 |
_aHB3743 _b.K88 |
||
| 100 | _aKuttner Robert | ||
| 245 | _aObama's Challenge | ||
| 260 |
_aEdo _bBeulah Land Publications _c2008 |
||
| 300 | _aiv, 213p. | ||
| 650 |
_aObama, Barack _vFinancial Crises-United States |
||
| 942 | _cBK | ||
| 999 |
_c4238 _d4238 |
||